Вып. 4 (54); Сборник научных трудов НГТУ

Chi tiết về thư mục
Parent link:Сборник научных трудов НГТУ/ Новосибирский государственный технический университет (НГТУ). Вып. 4 (54).— , 1995-
Tóm tắt:В сборнике публикуются результаты научных исследований докторантов, аспирантов и соискателей Новосибирского государственного технического университета. Не исключается возможность опубликования научных работ сотрудниками других вузов. Ежегодно предполагается издание четырех сборников.
Ngôn ngữ:Tiếng Nga
Được phát hành: 2008
Những chủ đề:
Định dạng: MixedMaterials Sách
KOHA link:https://koha.lib.tpu.ru/cgi-bin/koha/opac-detail.pl?biblionumber=155722

MARC

LEADER 00000nam2a2200000 4500
001 155722
005 20231101221845.0
010 |a 9785778210813 
035 |a (RuTPU)RU\TPU\book\168902 
035 |a RU\TPU\book\157001 
035 |a RU\TPU\book\165553 
090 |a 155722 
100 |a 20090204d2008 k y0rusy50 ca 
101 0 |a rus 
102 |a RU 
105 |a a z 001zy 
200 0 |a Вып. 4 (54) 
210 |d 2008 
215 |a 120 с.  |c ил. 
320 |a Библиография в конце статей 
330 |a В сборнике публикуются результаты научных исследований докторантов, аспирантов и соискателей Новосибирского государственного технического университета. Не исключается возможность опубликования научных работ сотрудниками других вузов. Ежегодно предполагается издание четырех сборников. 
461 1 |0 (RuTPU)RU\TPU\book\1884  |t Сборник научных трудов НГТУ  |f Новосибирский государственный технический университет (НГТУ)  |v Вып. 4 (54)  |d 1995- 
606 1 |a Автоматика  |2 stltpush  |3 (RuTPU)RU\TPU\subj\749  |9 29560 
610 1 |a автоматическое управление 
610 1 |a идентификация 
610 1 |a информация 
610 1 |a обработка информации 
610 1 |a измерительная техника 
610 1 |a метрология 
610 1 |a физика 
610 1 |a математика 
610 1 |a информационные технологии 
675 |a 681.51  |v 3 
801 1 |a RU  |b 63413507  |c 20090318  |g PSBO 
801 2 |a RU  |b 63413507  |c 20130403  |g PSBO 
942 |c BK